Una entrevista al Che Guevara /

Na minha lista:
Detalhes bibliográficos
Autor principal: Galeano, Eduardo
Formato: Texto
Tags: Adicionar Tag
Sem tags, seja o primeiro a adicionar uma tag!

MARC

LEADER 00000 a a2200000 04500
001 48303
003
040
100 |a Galeano, Eduardo  
245 |a Una entrevista al Che Guevara /  |c Eduardo Galeano  
773 |g número266, (2012), páginas 129-132  
999 |c 22732  |d 22732